[Event "CHI-ch "]
[Site "Santiago de Chile"]
[Date "2002.02.20"]
[Round "10"]
[White "Pineda Polanco, Adolfo"]
[Black "Margas, Rodrigo"]
[Result "1-0"]
[WhiteElo "2272"]
[BlackElo "2018"]
[PlyCount "63"]
[EventDate "2002.02.12"]
[EventType "swiss"]
[EventRounds "11"]
[EventCountry "CHI"]
[SourceTitle "CBM 086 Extra"]
[Source "ChessBase"]
[SourceDate "2002.03.14"]
[SourceVersion "1"]
[SourceVersionDate "2002.03.14"]
[SourceQuality "1"]

1. e4 c5 2. Nf3 e6 3. d4 cxd4 4. Nxd4 a6 5. Bd3 Nf6 6. 0-0 Qc7 7. Kh1 d6 8. f4 Nbd7 9. Nc3 b5 10. a3 Bb7 11. Qe2 Be7 12. Bd2 0-0 13. Rae1 Nc5 14. Rf3 d5 15. e5 Nfe4 16. Rh3 Nxd3 17. cxd3 Nxd2 18. Qxd2 Qd7 19. Qd1 g6 20. Qg4 Kg7 21. Nce2 Rh8 22. Ng3 Kf8 23. Rh6 Kg7 24. f5 exf5 25. Ngxf5+ Kf8 26. e6 Qc8 27. Nxe7 Kxe7 28. exf7+ Kxf7 29. Ne6 Ke7 30. Nc5+ Kd6 31. Re6+ Kc7 32. Qf4+ 1-0